000 00690nam a2200253Ia 4500
003 OSt
005 20220912145010.0
006 a|||||r|||| 00| 0
007 ta
008 220909b |||||||| |||| 00| 0 eng d
024 _a68600
037 _cTextual
040 _aCSL
_beng
_cCSL
041 _aeng
082 _aB2893:(D65,8(B)3), M4
100 _aWhitaker David
245 0 _aOr on the micro
260 _aChichester
_bJohn Wiley
_c1984
300 _aviii,197p.
_ccm.
500 _aAppendix 188-92p; Includes bibliography
650 _aOperational research
942 _hB2893:(D65,8(B)3), M4
_cTEXL
_2CC
999 _c20490
_d20490